000 00598nam a2200217 i 4500
001 bg
100 1 _aPAZDRO, Zdzisław
245 0 _aHydrogeologia ogólna /
_cZdzisław Pazdro, Bogdan Kozerski.
250 _aWyd. 4 uzup.
260 _aWarszawa :
_bWydawnictwa Geologiczne,
_c1990.
300 _a623, [1] s. :
_bfot., mapy, rys., wykr. ;
_c25 cm.
504 _aBibliogr. s. 586-604.
700 1 _aKOZERSKI, Bogdan
020 _a8322003579
040 _cBPK
041 _apol
080 _a556.3(07)
920 _a83-220-0357-9
942 _cKS
008 s pl f |000 0 pol
999 _c5957
_d5957
856 _uhttp://koha.tu.koszalin.pl/cgi-bin/koha/opac-detail.pl?biblionumber=5957
_yKatalog online BPK